Communes Limitrophes de Lille - Statistiques

Statistiques générales
  • Ce quiz a été pris 202 fois
  • Le résultat moyen est 9 sur 18
Statistiques - réponses
Communes % Correct
Est Villeneuve-d'Ascq
83%
Nord-Est Marcq-en-Baroeul
82%
Nord La Madeleine
77%
Nord-Est Mons-en-Baroeul
71%
Nord-Ouest Lambersart
70%
Sud-Ouest Loos
68%
Sud Faches-Thumesnil
58%
Sud-Est Ronchin
57%
Nord Saint-André-lez-Lille
55%
Sud Wattignies
47%
Sud-Est Lezennes
43%
Sud-Ouest Sequedin
35%
Sud-Ouest Englos
34%
Nord-Ouest Pérenchies
29%
Nord-Ouest Lompret
24%
Ouest Capinghem
22%
Ouest Prémesques
13%
Ouest Ennetières-en-Weppes
12%
Aucun quiz correspondant
Distribution des résultats
% des personnes avec chaque résultat
Percentile par nombre de réponses
Votre historique - résultats
Vous n’avez pas pris ce quiz